| 000 | 00584nam a2200157 a 4500 | ||
|---|---|---|---|
| 001 | 000043411 | ||
| 005 | 20201002040905.0 | ||
| 008 | 140314s1993 sp f 000 0 spa d | ||
| 020 | _a8488484011 | ||
| 040 |
_aDO-SdBNP _bspa _cBNPHU |
||
| 100 | 1 |
_aGranell, Eugenio _971074 |
|
| 245 | 1 | 0 |
_aEugenio Granell: Consorcio da cidade de Santiago Auditorio de Compostela / _cEugenio Granell. |
| 260 |
_aSantiago de Compostela : _bConsorcio da Cidade de Santiago de Compostela, _c1993. |
||
| 300 |
_a212 p. : _bil., lám. ; _c31 cm. |
||
| 710 | 2 |
_aConsorcio da Cidade de Santiago de Compostela _971075 |
|
| 999 |
_c42900 _d42900 |
||